Systém manažérstva bezpečnosti a ochrany zdravia pri práci ako súčasť integrovaného manažérstva

Význam integrácie systémov manažérstva. Systém manažérstva bezpečnosti a ochrany zdravia pri práci. Prínosy tejto normy.

Guardado en:
Detalles Bibliográficos
Autor principal: Karkalíková, Marta
Otros Autores: Lacková, Alica
Formato: Capítulo de libro
Lenguaje:eslovaco
Materias:
Etiquetas: Agregar Etiqueta
Sin Etiquetas, Sea el primero en etiquetar este registro!

MARC

LEADER 00000naa$a2200000$$$4500
001 0166510
005 20240502072911.3
041 0 |a slo 
044 |a SK 
245 1 0 |a Systém manažérstva bezpečnosti a ochrany zdravia pri práci ako súčasť integrovaného manažérstva  |c Marta Karkalíková, Alica Lacková 
520 |a Význam integrácie systémov manažérstva. Systém manažérstva bezpečnosti a ochrany zdravia pri práci. Prínosy tejto normy. 
610 2 0 |a normalizácia 
610 2 0 |a normy 
610 2 0 |a certifikácia 
610 2 0 |a systémy riadenia 
610 2 0 |a bezpečnosť práce 
610 2 0 |a ochrana zdravia 
610 2 0 |a zamestnanci 
610 2 0 |a zamestnávatelia 
610 2 0 |a manažment 
100 1 |a Karkalíková, Marta 
700 1 |a Lacková, Alica